Ligera reseña de los movimientos ejecutados la Joya hasta Jalapa por la division protectora del órden, que al mando de su comandante el antiguo, acreditadísimo y muy religioso patriota el ciudadano coronel Francisco Javier Gomez, entró en dicha villa la tarde del 11 de enero de 1828

Detalles Bibliográficos
Otros Autores: Gómez, Francisco Javier
Formato: Libro
Lenguaje:Spanish
Publicado: Jalapa : imprenta del Gobierno, 1828.
Materias:
Colección:Banco de datos
Acervo:Biblioteca Palafoxiana. Colección de Pliegos Sueltos
Descripción Física:[1] h. ; f°
Tema general:Historia civil
LEADER 00777nam a22001810004500
035 |a 2126 
041 0 |a spa 
082 0 4 |a FR/PAFX/IMPS/C080/02449 
245 1 0 |a Ligera reseña de los movimientos ejecutados la Joya hasta Jalapa por la division protectora del órden, que al mando de su comandante el antiguo, acreditadísimo y muy religioso patriota el ciudadano coronel Francisco Javier Gomez, entró en dicha villa la tarde del 11 de enero de 1828 
260 |a Jalapa : imprenta del Gobierno, 1828. 
300 |a [1] h. ; f° 
610 1 4 |a México - Historia - Federalismo, 1824-1835 
650 1 0 |a Historia civil 
700 1 |a Gómez, Francisco Javier 
949 |a I02449 
942 |c PALAPLIE 
943 |g Biblioteca Palafoxiana. Colección de Pliegos Sueltos 
999 |c 1075416  |d 1075416